00313nam a2200109Ia 4500008004100000041000800041082001700049100001000066245004400076260005900120300002400179240624s9999 xx 000 0 und d aeng a332.0415 NSE aNSEIL aCAPITAL MARKET DEALERS MODULE WORK BOOK c2003aMumbaibNational Stock Exchange of India Limited a221 : p. : cm. ; 24